[Event "Sant Miquel Olerdola op 14th"]
[Site "Sant Miquel Olerdola"]
[Date "2023.05.12"]
[Round "5"]
[White "Roca Calaf, Jordi"]
[Black "Cabre Ribera, Albert"]
[Result "1-0"]
[WhiteElo "2006"]
[BlackElo "1719"]
[PlyCount "65"]
[EventDate "2023.04.14"]
[EventType "swiss"]
[EventRounds "8"]
[EventCountry "ESP"]
[SourceTitle "EXT 2024"]
[Source "ChessBase"]
[SourceDate "2023.10.10"]
[SourceVersion "1"]
[SourceVersionDate "2023.10.10"]
[SourceQuality "1"]

1. e4 c5 2. c3 Nc6 3. d4 cxd4 4. cxd4 d6 5. Nc3 Nf6 6. h3 a6 7. Nf3 e6 8. Bd3 Be7 9. Qe2 b5 10. 0-0 Nd7 11. Be3 0-0 12. Rac1 Bb7 13. a3 Rc8 14. Bb1 Na5 15. Nd2 Nb6 16. f4 Nbc4 17. Nxc4 Nxc4 18. e5 dxe5 19. fxe5 Nxe3 20. Qxe3 g6 21. Rcd1 Qd7 22. Be4 Rxc3 23. bxc3 Bxa3 24. Ra1 Bxe4 25. Qxe4 Bb2 26. Rxa6 Bxc3 27. Rd6 Qa7 28. Kh1 Rc8 29. d5 exd5 30. Qxd5 b4 31. Rd7 Rc5 32. Qxf7+ Kh8 33. Qxh7# 1-0